000 00789cab a2200229 4500
001 WB3131-63
008 090401t1995 xxu||||| |||| 00| 0 eng d
035 _a(Sirsi) u51934
041 _aeng
245 _aHomes sink in summer heat
260 _c1995
350 _a0
490 _aSunday Times
_v13 August 1995, 5.1(1)
520 _aInsurers are preparing for a sharp increase in subsidence claims. Houses in the southeast, where many properties are built on clay soil, have been worst affected by the dry weather. Includes examples and a graph comparing the amount of subsidence payouts.
650 _aCLAY SOIL
650 _aINSURANCE CLAIMS
650 _aRISK ASSESSMENT
650 _aSUBSIDENCE CLAIMS
690 _aInsurance
_96249
942 _n0
948 _c04/03/1997
999 _c32220
_d32220